[Event "4NCL/Div3/RHYE vs. SBS"]
[Site "Wokefield Park ENG"]
[Date "2010.05.03"]
[Round "11.1"]
[White "Williams, Leighton"]
[Black "Cairns, Stephen"]
[Result "1-0"]
[WhiteElo "2400"]
[BlackElo "2098"]
[PlyCount "87"]
[EventDate "2010.05.03"]
[SourceDate "2009.10.24"]

1. d4 d5 2. c4 c6 3. Nf3 Nf6 4. Nc3 e6 5. Bg5 Nbd7 6. e3 Qa5 7. cxd5 Nxd5 8.
Qd2 Bb4 9. Rc1 O-O 10. a3 Bxc3 11. bxc3 h6 12. Bh4 Re8 13. e4 Ne7 14. Bg3 e5
15. Nxe5 Nxe5 16. dxe5 Ng6 17. f4 Qxa3 18. Be2 Qe7 19. O-O b5 20. Kh1 a5 21.
Bh5 Kh7 22. Rf2 Nh8 23. Qe2 Be6 24. f5 Bc4 25. Qf3 g6 26. Bg4 a4 27. Bf4 g5 28.
Bg3 a3 29. Rd2 a2 30. Ra1 Red8 31. Rd6 c5 32. Qe3 Rac8 33. Be2 Bxe2 34. Qxe2
Rxd6 35. exd6 Qf6 36. Qc2 h5 37. e5 Qd8 38. Qxa2 h4 39. Bf2 f6 40. Qe6 Ra8 41.
Rxa8 Qxa8 42. Qe7+ Kg8 43. d7 Nf7 44. Qe8+ 1-0

[Event "4NCL/Div3/RHYE vs. SBS"]
[Site "Wokefield Park ENG"]
[Date "2010.05.03"]
[Round "11.2"]
[White "Ackley, Peter JE"]
[Black "Jones, Richard S"]
[Result "0-1"]
[WhiteElo "2092"]
[BlackElo "2332"]
[PlyCount "84"]
[EventDate "2010.05.03"]
[SourceDate "2009.10.24"]

1. c4 Nf6 2. d4 g6 3. Nc3 Bg7 4. e4 d6 5. Be2 O-O 6. g4 c5 7. g5 Ne8 8. d5 e6
9. h4 Nc7 10. h5 exd5 11. exd5 Re8 12. hxg6 hxg6 13. Qd3 Bf5 14. Qg3 Nd7 15.
Be3 Ne5 16. Rd1 Na6 17. a3 Qb6 18. Rd2 Re7 19. Rh4 Rae8 20. Kf1 Qa5 21. Nh3 Nc7
22. Nf4 a6 23. Kg2 b5 24. Rd1 b4 25. Rdh1 bxc3 26. Qh2 f6 27. gxf6 Be4+ 28. f3
Nxf3 29. Bxf3 Bxf3+ 30. Kxf3 Rxe3+ 31. Kg4 Qa4 32. Rh8+ Kf7 33. fxg7 Qd7+ 34.
Kh4 Qe7+ 35. Kg4 Qd7+ 36. Kh4 Qf5 37. Rf8+ Rxf8 38. gxf8=Q+ Kxf8 39. Rg1 Qf6+
40. Kg4 Qf5+ 41. Kh4 Re4 42. Rf1 g5+ 0-1

[Event "4NCL/Div3/RHYE vs. SBS"]
[Site "Wokefield Park ENG"]
[Date "2010.05.03"]
[Round "11.3"]
[White "Kett, Timothy J"]
[Black "Edgell, Ben P"]
[Result "1/2-1/2"]
[WhiteElo "2240"]
[BlackElo "2100"]
[PlyCount "72"]
[EventDate "2010.05.03"]
[SourceDate "2009.10.24"]

1. e4 e5 2. Nf3 Nc6 3. Bc4 Bc5 4. d3 Nf6 5. O-O O-O 6. c3 d6 7. Nbd2 a6 8. b4
Ba7 9. a4 Ne7 10. Bb3 Ng6 11. Nc4 Be6 12. Na5 Bxb3 13. Qxb3 Bb6 14. Nc4 c6 15.
Nxb6 Qxb6 16. Bg5 Nh5 17. Nh4 Nxh4 18. Bxh4 Nf4 19. g3 Ng6 20. Bg5 Kh8 21. h4
f6 22. Be3 Qc7 23. h5 Ne7 24. g4 Qd7 25. f3 h6 26. b5 Rfc8 27. bxc6 bxc6 28.
Rab1 c5 29. Rb2 d5 30. Qb7 Qd8 31. Rfb1 d4 32. cxd4 exd4 33. Bf4 Nc6 34. Rb6
Ra7 35. Qxc6 Rxc6 36. Rxc6 Qa5 1/2-1/2

[Event "4NCL/Div3/RHYE vs. SBS"]
[Site "Wokefield Park ENG"]
[Date "2010.05.03"]
[Round "11.4"]
[White "Purton, Ben J"]
[Black "Spice, Alan P"]
[Result "1-0"]
[WhiteElo "2150"]
[BlackElo "2169"]
[PlyCount "48"]
[EventDate "2010.05.03"]
[SourceDate "2009.10.24"]

1. e4 e6 2. d4 d5 3. Nd2 Nc6 4. Ngf3 Nf6 5. e5 Nd7 6. Be2 Be7 7. Nf1 Ncb8 8.
Ne3 c5 9. c3 Nc6 10. O-O Qb6 11. b3 a5 12. Re1 a4 13. dxc5 Nxc5 14. b4 Nd7 15.
Bd3 Qc7 16. Bb5 Ndxe5 17. Nxe5 Qxe5 18. Bxa4 Qxc3 19. Rb1 Rxa4 20. Bb2 Qxe1+
21. Qxe1 Bxb4 22. Qd1 Rxa2 23. Qg4 Bd7 24. Qxg7 Rf8 {scoresheets illegible} 1-0

[Event "4NCL/Div3/RHYE vs. SBS"]
[Site "Wokefield Park ENG"]
[Date "2010.05.03"]
[Round "11.5"]
[White "Morris, Gareth L"]
[Black "Makepeace, Philip J"]
[Result "0-1"]
[WhiteElo "2147"]
[BlackElo "2042"]
[PlyCount "106"]
[EventDate "2010.05.03"]
[SourceDate "2009.10.24"]

1. d4 c5 2. d5 f5 3. Nc3 Nf6 4. e4 fxe4 5. Bc4 d6 6. Bg5 Nbd7 7. Nge2 a6 8. Ng3
b5 9. Be2 Bb7 10. Ncxe4 Qa5+ 11. Bd2 Qc7 12. c4 bxc4 13. Bxc4 Ne5 14. Qa4+ Qd7
15. Qxd7+ Nfxd7 16. b3 Nb6 17. Rb1 Bxd5 18. Bxd5 Nxd5 19. O-O Nb4 20. Rfe1 Nf7
21. Bxb4 cxb4 22. Rbd1 e6 23. Nc5 e5 24. Nd3 a5 25. Nf4 Ra7 26. Nd5 Kd7 27. Ne4
h6 28. h4 Be7 29. g3 Rb8 30. Re2 g5 31. h5 Ke6 32. Rc2 Bd8 33. g4 Rb5 34. Ne3
Bb6 35. Rc6 Bxe3 36. Nxd6 Rb6 37. Nxf7+ Kxf7 38. Rxb6 Bxb6 39. Rd6 Bd4 40. Rxh6
Kg7 41. Rg6+ Kh7 42. Kg2 Rf7 43. f3 Be3 44. Ra6 e4 45. fxe4 Rf2+ 46. Kg3 Rxa2
47. Kf3 Bd4 48. e5 Bxe5 49. Ke4 Bg7 50. Kf5 a4 51. bxa4 b3 52. Rb6 b2 53. Kxg5
Ra1 0-1

[Event "4NCL/Div3/RHYE vs. SBS"]
[Site "Wokefield Park ENG"]
[Date "2010.05.03"]
[Round "11.6"]
[White "McCullough, Simon L"]
[Black "Brown, Tom"]
[Result "1/2-1/2"]
[WhiteElo "1986"]
[BlackElo "2055"]
[PlyCount "54"]
[EventDate "2010.05.03"]
[SourceDate "2009.10.24"]

1. e4 c6 2. d4 d5 3. exd5 cxd5 4. Nf3 Nc6 5. c4 Nf6 6. Nc3 Bg4 7. cxd5 Nxd5 8.
Bc4 e6 9. O-O Be7 10. Bxd5 exd5 11. Qd3 Bxf3 12. Qxf3 Nxd4 13. Qd3 Ne6 14. Qb5+
Qd7 15. Qxd7+ Kxd7 16. Nxd5 Rhd8 17. Be3 Ke8 18. Rad1 b6 19. f4 f5 20. Rfe1 Kf7
21. Bf2 Rd7 22. Ne3 Rxd1 23. Rxd1 g6 24. Rd7 Ke8 25. Rb7 Nc5 26. Rc7 Nd3 27.
Rb7 Nc5 1/2-1/2

[Event "4NCL/Div3/CAMB2 vs. 3CS"]
[Site "Wokefield Park ENG"]
[Date "2010.05.03"]
[Round "11.1"]
[White "Churm, Rohan M"]
[Black "Ashton, Adam G"]
[Result "0-1"]
[WhiteElo "2167"]
[BlackElo "2316"]
[PlyCount "64"]
[EventDate "2010.05.03"]
[SourceDate "2009.10.24"]

1. e4 e5 2. Nf3 Nc6 3. Bb5 a6 4. Ba4 Nf6 5. O-O Be7 6. Re1 b5 7. Bb3 d6 8. h3
O-O 9. c3 Na5 10. Bc2 d5 11. exd5 e4 12. Ng5 Nxd5 13. Nxe4 f5 14. Ng3 f4 15.
Ne4 f3 16. d4 fxg2 17. Kxg2 Nf4+ 18. Bxf4 Rxf4 19. Nbd2 Qd7 20. Rh1 Bb7 21. Qe2
Raf8 22. f3 Qf5 23. Bd3 Bh4 24. Rhg1 Qh5 25. b3 Nc6 26. Kh2 Ne7 27. Rg4 Ng6 28.
Rag1 Bc8 29. Ng3 Qh6 30. Rxg6 hxg6 31. Be4 Bg5 32. Qg2 Rh4 0-1

[Event "4NCL/Div3/CAMB2 vs. 3CS"]
[Site "Wokefield Park ENG"]
[Date "2010.05.03"]
[Round "11.2"]
[White "Longson, Alexander"]
[Black "Quist, Sven Roy"]
[Result "1-0"]
[WhiteElo "2249"]
[BlackElo "2143"]
[PlyCount "123"]
[EventDate "2010.05.03"]
[SourceDate "2009.10.24"]

1. e4 c5 2. Nf3 Nc6 3. Bb5 d6 4. O-O Bd7 5. Re1 g6 6. c3 Bg7 7. h3 Nf6 8. d4
cxd4 9. cxd4 O-O 10. Nc3 a6 11. Bd3 Rc8 12. Be3 Qa5 13. a3 Qc7 14. Rc1 Qb8 15.
b4 b5 16. Qd2 Rfd8 17. Rc2 Rc7 18. Rec1 Rdc8 19. e5 dxe5 20. dxe5 Ne8 21. Nd5
Rb7 22. Bf4 Qa7 23. Be4 Kf8 24. Be3 Qb8 25. Nf4 Nxe5 26. Bxb7 Rxc2 27. Rxc2
Qxb7 28. Nxe5 Bxe5 29. Qd5 Qxd5 30. Nxd5 f5 31. Bc5 Nd6 32. Re2 Nc4 33. Nb6
Nxb6 34. Rxe5 Nc8 35. Rd5 Ke8 36. f4 e6 37. Rd2 Bc6 38. Kf2 Bd5 39. g3 Kd7 40.
Ke3 Nd6 41. Bxd6 Kxd6 42. Kd4 h6 43. Rc2 Bc6 44. Rxc6+ Kxc6 45. Ke5 Kd7 46. Kf6
g5 47. fxg5 hxg5 48. Kxg5 Kd6 49. h4 e5 50. Kxf5 Kd5 51. h5 e4 52. Kf4 Kd4 53.
h6 e3 54. h7 e2 55. h8=Q+ Kd3 56. Qd8+ Kc2 57. Qc7+ Kd1 58. Qd6+ Kc2 59. Qc5+
Kd1 60. Qd4+ Kc2 61. Qe3 Kd1 62. Qd3+ 1-0

[Event "4NCL/Div3/CAMB2 vs. 3CS"]
[Site "Wokefield Park ENG"]
[Date "2010.05.03"]
[Round "11.3"]
[White "Spencer, Carl J"]
[Black "Jaunooby, Ali Reza"]
[Result "1/2-1/2"]
[WhiteElo "2136"]
[BlackElo "2158"]
[PlyCount "189"]
[EventDate "2010.05.03"]
[SourceDate "2009.10.24"]

1. e4 g6 2. d4 Bg7 3. Nc3 d6 4. Nf3 a6 5. Be2 b5 6. O-O Bb7 7. a4 b4 8. Nd5 a5
9. Bd3 e6 10. Ne3 Nf6 11. e5 Nfd7 12. Ng4 h5 13. Bg5 Bxf3 14. Nf6+ Bxf6 15.
Qxf3 Bxg5 16. Qxa8 dxe5 17. Qxa5 c5 18. Qxd8+ Bxd8 19. dxc5 Nxc5 20. Bb5+ Ke7
21. a5 Nba6 22. Rfd1 Bc7 23. c3 Rb8 24. Bxa6 Nxa6 25. cxb4 Rxb4 26. Ra2 Rb5 27.
Kf1 Bb8 28. Ke2 Ba7 29. f3 Nb4 30. Ra4 Nd5 31. Rd2 Kd6 32. a6 Kc7 33. Kd3 Kb8
34. Kc4 Rc5+ 35. Kb3 Bb6 36. Ka2 Ka7 37. b4 Rc1 38. Kb2 Rh1 39. h3 Bd4+ 40. Kb3
Rb1+ 41. Kc2 Rb2+ 42. Kc1 Rb3 43. Kc2 Rc3+ 44. Kd1 Rc4 45. Ke2 Rc1 46. Rd3 Rc2+
47. Ke1 Nf4 48. Rb3 Be3 49. Ra1 Re2+ 50. Kf1 Rf2+ 51. Kg1 Rxg2+ 52. Kh1 Bd4 53.
b5 Rg3 54. b6+ Bxb6 55. Rxb6 Rxh3+ 56. Kg1 Rg3+ 57. Kf2 Rg2+ 58. Kf1 Rh2 59.
Rb7+ Ka8 60. Kg1 Rc2 61. a7 Rc8 62. Rxf7 g5 63. Rg7 h4 64. Kh2 Ne2 65. Kh3 Nd4
66. Kg4 Rf8 67. Ra3 Rf4+ 68. Kh5 Rf8 69. Kxg5 Nxf3+ 70. Kg4 e4 71. Re3 Rh8 72.
Kh3 Rh5 73. Ra3 Rh8 74. Re7 Rg8 75. Rxf3 exf3 76. Rxe6 Rf8 77. Re1 Rf4 78. Rf1
Kxa7 79. Kh2 Kb6 80. Kg1 Kc5 81. Kf2 Kd4 82. Rd1+ Ke5 83. Rd8 Kf5 84. Rf8+ Kg4
85. Rg8+ Kh3 86. Rg7 Kh2 87. Rh7 h3 88. Rh6 Rf8 89. Rh7 Rg8 90. Kxf3 Rf8+ 91.
Ke2 Rf4 92. Rg7 Kh1 93. Rg3 h2 94. Rg5 Re4+ 95. Kf3 {scoresheets illegible}
1/2-1/2

[Event "4NCL/Div3/CAMB2 vs. 3CS"]
[Site "Wokefield Park ENG"]
[Date "2010.05.03"]
[Round "11.4"]
[White "James, Dale R"]
[Black "Tyomkin, Mikhail"]
[Result "1/2-1/2"]
[WhiteElo "2171"]
[BlackElo "2111"]
[PlyCount "90"]
[EventDate "2010.05.03"]
[SourceDate "2009.10.24"]

1. e4 g6 2. d4 Bg7 3. h4 d5 4. e5 c5 5. h5 cxd4 6. Nf3 Bg4 7. Bb5+ Nc6 8. Bxc6+
bxc6 9. Qxd4 gxh5 10. Qc3 Rc8 11. Bf4 c5 12. Nbd2 Qb6 13. a3 Rb8 14. b3 a5 15.
Nh4 Rc8 16. Qg3 Bh6 17. c4 d4 18. f3 Bd7 19. Rb1 Bxf4 20. Qxf4 Qh6 21. Qxh6
Nxh6 22. Ne4 Nf5 23. Nxf5 Bxf5 24. Rxh5 Bxe4 25. fxe4 Rc6 26. Kf2 Kd7 27. Rbh1
h6 28. R1h3 Re6 29. Rf5 Rh7 30. Rhf3 Ke8 31. Ke2 Rg7 32. g3 Rg4 33. Kd3 Kd7 34.
b4 axb4 35. axb4 cxb4 36. Kxd4 f6 37. Rb3 fxe5+ 38. Rxe5 Reg6 39. Rd5+ Kc7 40.
Re5 Rd6+ 41. Kc5 e6 42. Rxb4 Rc6+ 43. Kd4 Rxg3 44. Reb5 Rd6+ 45. Ke5 Rg5+
1/2-1/2

[Event "4NCL/Div3/CAMB2 vs. 3CS"]
[Site "Wokefield Park ENG"]
[Date "2010.05.03"]
[Round "11.6"]
[White "Ashton, David A"]
[Black "Lee, Richard WY"]
[Result "1-0"]
[WhiteElo "1610"]
[BlackElo "2058"]
[PlyCount "163"]
[EventDate "2010.05.03"]
[SourceDate "2009.10.24"]

1. e4 c5 2. b3 d6 3. Bb2 e6 4. Nf3 Nf6 5. e5 dxe5 6. Nxe5 Be7 7. Nc3 O-O 8. g4
Nbd7 9. Nd3 Qc7 10. Bg2 Ne5 11. Qe2 Nexg4 12. Ne4 Nxe4 13. Bxe4 Nf6 14. Rg1 g6
15. Ne5 Nxe4 16. Qxe4 Bf6 17. Qf4 Qd8 18. Nc6 Bxb2 19. Nxd8 Bxa1 20. Qc7 Be5
21. Qxe5 Rxd8 22. Qf6 Bd7 23. h4 Bc6 24. h5 Be4 25. h6 Kf8 26. Qe5 Bf5 27.
Qxc5+ Ke8 28. Qb5+ Rd7 29. Qe5 Ke7 30. d3 f6 31. Qc5+ Kf7 32. Kd2 b6 33. Qc6
Rad8 34. Rg3 g5 35. f4 g4 36. Qh1 Kg6 37. Qh4 Kf7 38. Re3 Rd4 39. Qh5+ Kf8 40.
Qh2 Ke7 41. Qg3 Kf7 42. Re1 Kg6 43. Rh1 R8d5 44. Rh4 Rd7 45. Rxg4+ Bxg4 46.
Qxg4+ Kxh6 47. Qxe6 Kg7 48. Qg4+ Kh8 49. Ke3 R4d6 50. Qf5 Kg7 51. Qg4+ Kh8 52.
Qf5 Kg7 53. Qg4+ Kf7 54. Qf5 Ke8 55. d4 Rxd4 56. Qxf6 R4d6 57. Qh8+ Ke7 58.
Qxh7+ Kd8 59. Qh8+ Kc7 60. f5 Re7+ 61. Kf4 Rdd7 62. Qc3+ Kd6 63. f6 Rh7 64.
Qe5+ Kc6 65. Qe6+ Kb7 66. Kg5 b5 67. c4 bxc4 68. bxc4 Rc7 69. Qd5+ Kb8 70. Qb5+
Ka8 71. a4 Rhd7 72. a5 Rh7 73. Qd5+ Kb8 74. a6 Rcd7 75. Qe5+ Kc8 76. c5 Rdf7
77. Qe6+ Kb8 78. c6 Kc7 79. Kg6 Rxf6+ 80. Qxf6 Rh1 81. Qe7+ Kb6 82. Qb7+ 1-0

[Event "4NCL/Div3/WES2 vs. WWKS2"]
[Site "Wokefield Park ENG"]
[Date "2010.05.03"]
[Round "11.1"]
[White "Pleasants, Allan J"]
[Black "Ingram, Keith R"]
[Result "1-0"]
[WhiteElo "2038"]
[BlackElo "2114"]
[PlyCount "107"]
[EventDate "2010.05.03"]
[SourceDate "2009.10.24"]

1. Nf3 f5 2. g3 Nf6 3. Bg2 e6 4. c4 d5 5. O-O c6 6. b3 Bd6 7. Bb2 Nbd7 8. d4
O-O 9. Nbd2 Qe8 10. Ne5 Qh5 11. Ndf3 g5 12. Qc1 Ne4 13. Ba3 g4 14. Bxd6 Nxd6
15. Nxd7 Bxd7 16. Ne5 Rad8 17. f3 Bc8 18. Qf4 Kg7 19. c5 Nf7 20. Rf2 gxf3 21.
Nxf7 Rxf7 22. Qe5+ Kg8 23. exf3 Qg6 24. Qf4 Qf6 25. Re1 b6 26. Rc2 b5 27. Bf1
a6 28. Bd3 h6 29. Rg2 Qg5 30. Qe5 Qg7 31. Qxg7+ Kxg7 32. Kf2 Kf6 33. Re5 Rg8
34. Ke3 Rfg7 35. Kf4 Bd7 36. g4 Bc8 37. h4 Bd7 38. Re1 Bc8 39. Reg1 h5 40. g5+
Kg6 41. b4 Rd8 42. a4 Rc7 43. Ra2 Rdd7 44. Re1 Rf7 45. Ke5 Rfd7 46. Rc1 Bb7 47.
axb5 axb5 48. Ra7 Re7 49. Rca1 Kf7 50. R1a5 Rcd7 51. Bxb5 cxb5 52. Rxb5 Bc8 53.
Rxd7 Rxd7 54. Rb8 1-0

[Event "4NCL/Div3/WES2 vs. WWKS2"]
[Site "Wokefield Park ENG"]
[Date "2010.05.03"]
[Round "11.2"]
[White "Weaving, Richard"]
[Black "Tunks, Dominic"]
[Result "1-0"]
[WhiteElo "2098"]
[BlackElo "2076"]
[PlyCount "78"]
[EventDate "2010.05.03"]
[SourceDate "2009.10.24"]

1. e4 c6 2. d4 d5 3. exd5 cxd5 4. c4 Nf6 5. Nc3 e6 6. Nf3 Be7 7. c5 O-O 8. Bd3
b6 9. Be3 bxc5 10. dxc5 Na6 11. Bxa6 Bxa6 12. b4 Qc7 13. Rc1 Rab8 14. Qd4 Rb7
15. a4 Bc4 16. b5 Re8 17. c6 Rbb8 18. Qxa7 Qxa7 19. Bxa7 Ra8 20. b6 Ba6 21. Rb1
Bd6 22. Nb5 Bxb5 23. axb5 Ne4 24. O-O Nc3 25. Rb3 Na4 26. Rc1 Bc5 27. Ne5 Bxb6
28. Bxb6 Nxb6 29. g3 f6 30. Nd3 Kf7 31. Nc5 Rec8 32. Na6 Ke7 33. c7 Nc4 34. b6
Na5 35. Rb5 Rxa6 36. b7 Nxb7 37. Rxb7 Kd7 38. Rc2 Rc6 39. Rxc6 Kxc6 1-0

[Event "4NCL/Div3/WES2 vs. WWKS2"]
[Site "Wokefield Park ENG"]
[Date "2010.05.03"]
[Round "11.3"]
[White "Buchkremer, Felix"]
[Black "Page, Mark E"]
[Result "1-0"]
[WhiteElo "2088"]
[BlackElo "1996"]
[PlyCount "45"]
[EventDate "2010.05.03"]
[SourceDate "2009.10.24"]

1. e4 b6 2. d4 Bb7 3. Bg5 Bxe4 4. d5 h6 5. Bh4 g5 6. Bg3 Bg7 7. Nc3 Bg6 8. Bd3
Bxd3 9. Qxd3 Nf6 10. O-O-O d6 11. Nf3 c5 12. Nd2 a6 13. f4 b5 14. fxg5 hxg5 15.
Rde1 Kf8 16. Rhf1 c4 17. Qf5 Qd7 18. Qf2 Ra7 19. Nde4 Rc7 20. Bxd6 exd6 21.
Nxf6 Bxf6 22. Qxf6 Rg8 23. Ne4 1-0

[Event "4NCL/Div3/WES2 vs. WWKS2"]
[Site "Wokefield Park ENG"]
[Date "2010.05.03"]
[Round "11.4"]
[White "Agnew, Alan"]
[Black "Gregory, Keith DF"]
[Result "1/2-1/2"]
[WhiteElo "2010"]
[BlackElo "2060"]
[PlyCount "40"]
[EventDate "2010.05.03"]
[SourceDate "2009.10.24"]

1. e4 d6 2. d4 g6 3. Nc3 Bg7 4. Be3 a6 5. Qd2 b5 6. Bd3 Nd7 7. Nf3 Bb7 8. a4 c6
9. O-O Qc7 10. Rfe1 b4 11. Ne2 c5 12. c3 Ngf6 13. Ng3 bxc3 14. bxc3 Ng4 15. Bg5
h6 16. Bh4 e5 17. h3 Ngf6 18. dxe5 dxe5 19. Bxf6 Bxf6 20. Bc4 Rd8 1/2-1/2

[Event "4NCL/Div3/WES2 vs. WWKS2"]
[Site "Wokefield Park ENG"]
[Date "2010.05.03"]
[Round "11.5"]
[White "Footner, Andrew F"]
[Black "Fallowfield, Nicholas K"]
[Result "0-1"]
[WhiteElo "1919"]
[BlackElo "2018"]
[PlyCount "78"]
[EventDate "2010.05.03"]
[SourceDate "2009.10.24"]

1. e4 Nf6 2. Nc3 d5 3. e5 Ne4 4. Nce2 f6 5. d3 Ng5 6. Bxg5 fxg5 7. Ng3 g6 8. d4
Bg7 9. h4 gxh4 10. Rxh4 O-O 11. Bd3 c5 12. Rxh7 Qb6 13. Rh4 c4 14. Be2 Bxe5 15.
Qd2 Qf6 16. Nf3 Bf4 17. Qc3 Nc6 18. Rh1 b5 19. b4 a5 20. a3 axb4 21. axb4 Bb7
22. Rxa8 Rxa8 23. Qb2 e5 24. dxe5 Nxe5 25. Kf1 Qa6 26. Bd1 Qa1 27. Qxa1 Rxa1
28. Ke2 Nxf3 29. Kxf3 Bd2 30. Ne2 d4+ 31. Kg3 d3 32. cxd3 Ra3 33. f3 Rxd3 34.
Bc2 Rd6 35. Rb1 Kg7 36. Rb2 Be1+ 37. Kf4 Rd2 38. Ke3 Rd7 39. Nd4 Bc3 0-1

[Event "4NCL/Div3/WES2 vs. WWKS2"]
[Site "Wokefield Park ENG"]
[Date "2010.05.03"]
[Round "11.6"]
[White "Price, Andrew"]
[Black "Coburn, Joseph A"]
[Result "0-1"]
[WhiteElo "1930"]
[BlackElo "1858"]
[PlyCount "60"]
[EventDate "2010.05.03"]
[SourceDate "2009.10.24"]

1. e4 d6 2. d4 Nf6 3. Nc3 g6 4. Nf3 Bg7 5. Bc4 Nc6 6. h3 O-O 7. Be3 a6 8. a4 e5
9. d5 Ne7 10. Qd2 Nd7 11. Bh6 f5 12. Bxg7 Kxg7 13. Qe2 h6 14. Nd2 Nf6 15. exf5
Nxf5 16. Nde4 Nd4 17. Qd1 Bf5 18. Bd3 Bxe4 19. Bxe4 Nxe4 20. Nxe4 Qh4 21. Ng3
Rxf2 22. Kxf2 Rf8+ 23. Ke3 Qxg3+ 24. Kd2 Rf2+ 25. Kc1 Qxg2 26. Kb1 Nxc2 27. Rg1
Qe4 28. Qg4 Qxg4 29. hxg4 Nxa1 30. Kxa1 Rf4 0-1

[Event "4NCL/Div3/KJCAK vs. FPONTY"]
[Site "Wokefield Park ENG"]
[Date "2010.05.03"]
[Round "11.1"]
[White "Jones, William EG"]
[Black "Sully, David J"]
[Result "1/2-1/2"]
[WhiteElo "2097"]
[BlackElo "2119"]
[PlyCount "62"]
[EventDate "2010.05.03"]
[SourceDate "2009.10.24"]

1. e4 c5 2. Nf3 d6 3. d4 cxd4 4. Nxd4 Nf6 5. Nc3 Nc6 6. Bg5 e6 7. Qd2 a6 8.
O-O-O Bd7 9. f4 b5 10. e5 dxe5 11. fxe5 Nxe5 12. Qe1 Qc7 13. Kb1 Bd6 14. Bxf6
gxf6 15. Ne4 Be7 16. Qh4 O-O-O 17. Nxf6 Bc6 18. Be2 Bb7 19. Qf2 Qb6 20. Rhe1
Nc6 21. c3 Bc5 22. Ne4 Bxd4 23. cxd4 Nxd4 24. Rc1+ Kb8 25. Nc5 Ba8 26. Qxf7 Qd6
27. Bd3 Rhf8 28. Qxh7 Rh8 29. Qg7 Rhg8 30. Qh7 Rh8 31. Qg7 Rhg8 1/2-1/2

[Event "4NCL/Div3/KJCAK vs. FPONTY"]
[Site "Wokefield Park ENG"]
[Date "2010.05.03"]
[Round "11.2"]
[White "Robinson, David"]
[Black "Jones, Victor GL"]
[Result "1/2-1/2"]
[WhiteElo "1967"]
[BlackElo "2073"]
[PlyCount "89"]
[EventDate "2010.05.03"]
[SourceDate "2009.10.24"]

1. d4 Nf6 2. Nf3 e6 3. Bf4 d5 4. e3 Be7 5. Bd3 Nbd7 6. Nbd2 Nh5 7. Ne5 Nxf4 8.
exf4 Nxe5 9. fxe5 c5 10. c3 cxd4 11. cxd4 Qb6 12. O-O Qxd4 13. Bb5+ Bd7 14.
Bxd7+ Kxd7 15. Qe2 Qb4 16. Rfd1 Rac8 17. a3 Qa4 18. b3 Qa6 19. Qg4 g6 20. Ne4
Kc7 21. Ng5 h5 22. Qf4 Kb8 23. Nf3 Rhf8 24. a4 Qe2 25. Re1 Qd3 26. Nd4 g5 27.
Qe3 Qxe3 28. Rxe3 Bc5 29. Rd3 Bxd4 30. Rxd4 Rc2 31. Re1 Rfc8 32. h4 g4 33. Rf4
R8c7 34. Kf1 Rb2 35. b4 Rbc2 36. Rd1 R2c4 37. Rfd4 Rxd4 38. Rxd4 Rc4 39. Rxc4
dxc4 40. Ke2 Kc7 41. Ke3 Kc6 42. Kd4 b5 43. axb5+ Kxb5 44. Kc3 a6 45. f3
1/2-1/2

[Event "4NCL/Div3/KJCAK vs. FPONTY"]
[Site "Wokefield Park ENG"]
[Date "2010.05.03"]
[Round "11.3"]
[White "Bayliss, Lyall CP"]
[Black "Davis, Lee"]
[Result "1/2-1/2"]
[WhiteElo "1960"]
[BlackElo "1961"]
[PlyCount "117"]
[EventDate "2010.05.03"]
[SourceDate "2009.10.24"]

1. e4 d6 2. d4 Nf6 3. Nc3 g6 4. Be3 c6 5. f3 b5 6. Qd2 Nbd7 7. O-O-O b4 8. Nb1
a5 9. e5 Nd5 10. exd6 e6 11. Bg5 Qb6 12. h4 h6 13. Be7 Nxe7 14. dxe7 Bxe7 15.
f4 Nf6 16. Nf3 Ba6 17. Bxa6 Qxa6 18. Ne5 Rd8 19. g4 c5 20. Qg2 Nd5 21. Qe4 c4
22. f5 gxf5 23. gxf5 c3 24. Rdf1 Nf6 25. Qc6+ Qxc6 26. Nxc6 cxb2+ 27. Kxb2 Rd5
28. fxe6 fxe6 29. Rhg1 Rg8 30. Rxg8+ Nxg8 31. Rg1 Nf6 32. Rg7 Bf8 33. Ra7 Nd7
34. Rxa5 Rxa5 35. Nxa5 h5 36. Nc6 Nb6 37. Kb3 Nd5 38. Nd2 Kd7 39. Ne5+ Kc7 40.
Ndf3 Be7 41. Nd3 Kb6 42. Ng5 Kb5 43. Ne5 Nf4 44. Nef3 Ng6 45. Nxe6 Nxh4 46. Ne5
Nf5 47. Nc7+ Kb6 48. Nd5+ Kb5 49. Nxe7 Nxe7 50. a4+ bxa3 51. Kxa3 h4 52. Nf3 h3
53. Kb3 Kc6 54. Kc3 Kd6 55. Kd3 Nf5 56. Ke4 Ng3+ 57. Kf4 Nf1 58. Ng5 Nd2 59.
Kg3 1/2-1/2

[Event "4NCL/Div3/KJCAK vs. FPONTY"]
[Site "Wokefield Park ENG"]
[Date "2010.05.03"]
[Round "11.4"]
[White "Roberts, Lynda"]
[Black "Maguire, Robert"]
[Result "0-1"]
[WhiteElo "2010"]
[BlackElo "1825"]
[PlyCount "110"]
[EventDate "2010.05.03"]
[SourceDate "2009.10.24"]

1. e4 e5 2. Nf3 Nc6 3. Bb5 a6 4. Bxc6 dxc6 5. d4 Bg4 6. dxe5 Qxd1+ 7. Kxd1
O-O-O+ 8. Ke2 Re8 9. h3 Bxf3+ 10. gxf3 Rxe5 11. Bf4 Re6 12. Nd2 Bc5 13. Nb3 Bb6
14. Rhg1 Rg6 15. c3 Ne7 16. Rad1 Rxg1 17. Rxg1 Ng6 18. Bg3 f5 19. exf5 Ne7 20.
f6 gxf6 21. Bh4 Ng6 22. Bg3 Re8+ 23. Kd2 f5 24. f4 Re4 25. Re1 Rxe1 26. Kxe1
Kd7 27. Nd2 Bc5 28. Nf3 Bd6 29. Nd4 Ne7 30. Bh4 c5 31. Bxe7 cxd4 32. Bg5 dxc3
33. bxc3 Ke6 34. Ke2 Kd5 35. Kd3 b5 36. f3 a5 37. Bh6 b4 38. c4+ Kc5 39. Bg5 a4
40. Bh6 b3 41. axb3 axb3 42. Kc3 b2 43. Kxb2 Kxc4 44. Kc2 Kd4 45. Kd2 Bb4+ 46.
Ke2 Kc3 47. Bg7+ Kc2 48. Be5 c5 49. Bd6 Kb3 50. Be5 c4 51. Kd1 c3 52. Bxc3 Kxc3
53. Ke2 Kd4 54. Kf2 Bd6 55. Kg3 Ke3 0-1

[Event "4NCL/Div3/KJCAK vs. FPONTY"]
[Site "Wokefield Park ENG"]
[Date "2010.05.03"]
[Round "11.5"]
[White "Lunn, Matthew"]
[Black "James, Dai"]
[Result "1-0"]
[WhiteElo "1905"]
[BlackElo "1995"]
[PlyCount "77"]
[EventDate "2010.05.03"]
[SourceDate "2009.10.24"]

1. d4 Nf6 2. c4 c5 3. d5 b5 4. cxb5 a6 5. b6 Qxb6 6. Nc3 d6 7. e4 e5 8. a4 g6
9. a5 Qc7 10. h3 Bg7 11. Nf3 O-O 12. Be2 Nh5 13. O-O Qe7 14. Nd2 Nf4 15. Nc4
Nxe2+ 16. Qxe2 f5 17. Ra3 Nd7 18. Rb3 f4 19. Na4 f3 20. Rxf3 Nf6 21. Bg5 Bd7
22. Nab6 Rab8 23. Nxd7 Qxd7 24. Nb6 Qb7 25. Rb1 h6 26. Bd2 Nh5 27. Rxf8+ Rxf8
28. g3 Kh7 29. b4 cxb4 30. Rxb4 Bf6 31. Nc4 Qd7 32. Kg2 Bd8 33. Nb6 Qb7 34. Qe3
g5 35. Qb3 Kg6 36. Nc4 Qf7 37. f3 Be7 38. Rb6 Rd8 39. Nxe5+ 1-0

[Event "4NCL/Div3/KJCAK vs. FPONTY"]
[Site "Wokefield Park ENG"]
[Date "2010.05.03"]
[Round "11.6"]
[White "Gilbert, Colin"]
[Black "Gahir, Jasdeep"]
[Result "0-1"]
[WhiteElo "1867"]
[BlackElo "1765"]
[PlyCount "114"]
[EventDate "2010.05.03"]
[SourceDate "2009.10.24"]

1. d4 d5 2. c4 dxc4 3. Nf3 Nf6 4. e3 Bg4 5. Bxc4 e6 6. O-O c5 7. Qa4+ Nbd7 8.
Ne5 Bh5 9. dxc5 Bxc5 10. b4 Bd6 11. Nxd7 Nxd7 12. Nd2 O-O 13. Bb2 Nb6 14. Qb5
Nxc4 15. Qxc4 Bxh2+ 16. Kxh2 Qxd2 17. Qd4 Qxd4 18. Bxd4 b6 19. Rfc1 Rac8 20. a4
Be2 21. a5 bxa5 22. bxa5 a6 23. Bb6 h6 24. Rxc8 Rxc8 25. Ra2 Bb5 26. Rd2 Kh7
27. Kg3 Kg6 28. Rd4 h5 29. Rd8 Rc4 30. Rh8 Rg4+ 31. Kh2 Bf1 32. g3 Ra4 33. Kg1
Bc4 34. f4 Ra2 35. e4 Bd3 36. Ra8 Rg2+ 37. Kh1 Rxg3 38. Kh2 Rg2+ 39. Kh3 Bf1
40. Ra7 Rg4+ 41. Kh2 Rxf4 42. e5 h4 43. Rd7 Re4 44. Rd1 Be2 45. Rg1+ Kh6 46.
Rg2 Bf3 47. Rf2 Re2 48. Rxe2 Bxe2 49. Bd8 g5 50. Bf6 Kh5 51. Bd8 g4 52. Bb6 Bf3
53. Be3 g3+ 54. Kh3 Be2 55. Kg2 Kg4 56. Kg1 h3 57. Bd4 h2+ 0-1

[Event "4NCL/Div3/AMCAR vs. E2E42"]
[Site "Wokefield Park ENG"]
[Date "2010.05.03"]
[Round "11.1"]
[White "Purdon, Colin"]
[Black "Mansson, James C"]
[Result "1/2-1/2"]
[WhiteElo "2067"]
[BlackElo "2142"]
[PlyCount "103"]
[EventDate "2010.05.03"]
[SourceDate "2009.10.24"]

1. d4 d5 2. c4 c6 3. Nf3 Nf6 4. Nc3 e6 5. e3 Nbd7 6. Qc2 Bd6 7. Be2 O-O 8. O-O
Qe7 9. e4 dxe4 10. Nxe4 Nxe4 11. Qxe4 f5 12. Qc2 c5 13. h3 Nf6 14. Bd3 Qc7 15.
Re1 Bd7 16. dxc5 Bxc5 17. Ne5 Ne4 18. Nxd7 Bxf2+ 19. Kf1 Qxd7 20. Re2 Qd4 21.
Bxe4 fxe4 22. Rxf2 Rxf2+ 23. Qxf2 Rf8 24. Bf4 e3 25. Qe2 Rxf4+ 26. Kg1 Rf2 27.
Rd1 Rxe2 28. Rxd4 Rxb2 29. Re4 e2 30. Rxe6 Rxa2 31. Kf2 Kf7 32. Re5 Rc2 33. Rc5
Rb2 34. Rc7+ Kf6 35. c5 a5 36. c6 bxc6 37. Rxc6+ Ke7 38. Rc7+ Kf6 39. Rc6+ Ke5
40. Rc5+ Kd4 41. Rxa5 e1=Q+ 42. Kxe1 Rxg2 43. Ra7 h6 44. Kf1 Rg5 45. Re7 g6 46.
Kf2 Re5 47. Ra7 Ke4 48. Ra6 Kf5 49. Kf3 Rb5 50. Ra4 g5 51. Ra3 h5 52. Rc3
1/2-1/2